| 000 | 00331nam a22001097a 4500 | ||
|---|---|---|---|
| 020 | _aXXXXXXXXXX | ||
| 082 | _aREF 382.09678 DIR | ||
| 245 | _aDirectory of Industrial Enterprises and Products in Tanzania 1981 | ||
| 260 |
_aDar es Salaam _bTanzania Industrial Studies and Consulting organisation _c1981 |
||
| 300 | _a196p | ||
| 942 | _cBK | ||
| 999 |
_c13753 _d13753 |
||